000 00330nam a2200121Ia 4500
008 150731s2012 xx 000 0 und d
082 _a615.53
_bCH 12 S
100 _aSHASHTRI PANDIT KASHINATH
245 _aCARAKA SAMHITA- HINDI VYAKHYA BHAG-1
260 _bCHAUKHAMBHA PUB. NEW DELHI
_c2012
300 _a920
942 _2ddc
_cBK
_014
999 _c7689
_d7689